000 00321 a2200145 4500
001 153973
040 _cEscola São Tomás de Aquino
100 _aToquinho
240 1 0 _aAquarela
_lpor
245 1 0 _aAquarela
362 0 _a2004
440 1 _aCompanhia Editora Nacional
697 _a*LITERATURA INFANTIL
942 _cBK
999 _c153973
_d153973